ロード中...
M C Joseph : enna apoorva manushyan /
| 第一著者: | |
|---|---|
| フォーマット: | Printed Book |
| 出版事項: |
Kottayam :
National book stall,
2016.
|
| 主題: |
| LEADER | 00480nam a22001337a 4500 | ||
|---|---|---|---|
| 020 | |a 9789386085740 | ||
| 082 | |a 920 |b JOS.M | ||
| 100 | |a Joseph, M C | ||
| 245 | |a M C Joseph : |b enna apoorva manushyan / |c by Kusumshalal Cheray | ||
| 260 | |a Kottayam : |b National book stall, |c 2016. | ||
| 650 | |a Biography - M C Joseph | ||
| 942 | |c BK | ||
| 999 | |c 314959 |d 314959 | ||
| 952 | |0 0 |1 0 |4 0 |6 920_000000000000000_JOS_M |7 0 |8 MAL |9 336835 |a POL |b POL |c GEN |d 2020-11-27 |l 0 |o 920 JOS.M |p POL21822 |r 2020-11-27 |w 2020-11-27 |y BK | ||